000 00465ntaaa2200169 4500
003 01
005 20251027203005.0
008 0714s1973 ag 01
040 _aAR-BaBN
_bspa
_cAR-BaBN
_eaacr
_dRIC
100 _aBuchan, John
_930936
245 _aThe man from the Norlands /
_cJohn Buchan
260 _aBoston :
_bHoughton Mifflin Co.,
_cc1936
300 _a292 p.
500 _aBAJA PATRIMONIAL POR OBSOLESCENCIA 20180814
650 _aNovela
_96781
942 _cBK
999 _c25328
_d25328